000 00723nam a2200289Ia 4500
005 20260324112125.0
008 008 260324s9999 xx 000 0 eng d
020 _a9781003441267
037 _aEBOOK
040 _aCRL
040 _beng
040 _cCRL
041 _2eng
041 _aeng
084 _qCRL
100 _aKhun Eng Kuah
_91063396
245 0 _aAncestor Worship in the Diaspora Chinese and China Universes
245 4 _bThe Making of a Collaborative Cultural Basin
260 _bTaylor and Francis
260 _c2024
365 _a
365 _b220
856 _uhttp://www.taylorfrancis.com/books/9781003441267
942 _cEBOOK
999 _c1730477
_d1730477